| 000 | 01101cam a2200289 a 4500 | ||
|---|---|---|---|
| 001 | 709039 | ||
| 003 | OSt | ||
| 005 | 20241029095727.0 | ||
| 008 | 970613s1998 enka b 001 0 eng | ||
| 010 | _a 97024468 | ||
| 020 | _a0521582075 (hb) | ||
| 040 |
_aDLC _cmust _dDLC |
||
| 050 | 0 | 0 |
_aTK7880 _b.H64 1998 |
| 082 | 0 | 0 |
_a621.381 HOF 1998 _221 |
| 100 | 1 |
_aHoff, Philip Herbert, _d1941- _919292 |
|
| 245 | 1 | 0 |
_aConsumer electronics for engineers / _cPhilip Hoff. |
| 260 |
_aCambridge ; _aNew York : _bCambridge University Press, _c1998. |
||
| 300 |
_axviii, 555 p. : _bill. ; _c27 cm. |
||
| 504 | _aIncludes bibliographical references and index. | ||
| 650 | 0 |
_aHousehold electronics. _919293 |
|
| 650 | 0 |
_aElectronic circuit design. _98167 |
|
| 856 | 4 | 2 |
_3Publisher description _uhttp://www.loc.gov/catdir/description/cam028/97024468.html |
| 856 | 4 | 1 |
_3Table of contents _uhttp://www.loc.gov/catdir/toc/cam025/97024468.html |
| 906 |
_a7 _bcbc _corignew _d1 _eocip _f19 _gy-gencatlg |
||
| 942 |
_2ddc _cB_BANK |
||
| 999 |
_c9459 _d9459 |
||